Sanat: Linnunradan laidalla, Eppu Normaali - Statistics

Yleistilastot
  • Tätä visaa on pelattu 27 kertaa
  • Keskiarvotulos 104 / 150
Vastaustilastot
Vastaus % Oikein
laidalla
91%
linnunradan
91%
Linnunradan
91%
ei
86%
katoa
86%
lähti
86%
Linnunrata
86%
täällä
86%
jossain
82%
loisti
82%
milloinkaan
82%
Se
82%
silloin
82%
silloinkaan
82%
täysin
82%
Valo
82%
ylitsemme
82%
yönä
82%
Aika
77%
ajaa
77%
Emme
77%
Huulipunaa
77%
matkalla
77%
olet
77%
paidalla
77%
Rakastuimme
77%
rakastuimme
77%
siitä
77%
sinä
77%
Alla
73%
joskus
73%
kainalossain
73%
lähtien
73%
maanpäällä
73%
me
73%
silmistämme
73%
tähtien
73%
tähtiin
73%
vyönä
73%
Ikuisesti
68%
jonkun
68%
kaukaiset
68%
matkalle
68%
Saa
68%
tähdet
68%
tavoittaa
68%
vaeltaa
68%
Yhdessä
68%
yhdessä
68%
ehkä
64%
Ehkä
64%
nähtiin
64%
silmät
64%
Eilistä
55%
ennen
55%
huomista
55%
Ja
55%
luomista
55%
maailman
55%
avaruuteen
50%
Katsomaan
50%
Sillä
50%
asiat
45%
ehtiväni
45%
ensin
45%
herään
45%
ihmiskunta
45%
kun
45%
lensin
45%
muukin
45%
niinkuin
45%
olla
45%
toisin
45%
unessani
45%
unta
45%
Mitä
41%
näen
41%
näkemättä
41%
Näkisinpä
41%
ois
41%
paremmin
41%
Toivoin
41%
aremmin
36%
toivoisin
36%
Silmin
27%
yhä
23%
paidalle
9%
Ehtoja vastaavia visoja ei löytynyt
Tulosjakauma
Jokaisen tuloksen saaneiden osuus
Persentiili vastausten määrän mukaan
Tuloshistoriasi
Et ole pelannut tätä visaa